000 00599nam a2200181Ia 4500
008 151018s9999 xx 000 0 und d
082 _bRBASDV7827
_a891.461
100 _aनामदेव लक्ष्मन ढसाळ
245 _aगोलपिठा
250 _b1
260 _bअनिरुद्ध साहित्य
_c1972
300 _a88
600 _aनामदेव लक्ष्मन ढसाळ
630 _aगोलपिठा
700 _aनामदेव लक्ष्मन ढसाळ
730 _aगोलपिठा
942 _cBOOK
999 _c1010192
_d1010189